Sortilèges Harry Potter de A à Z - Statistiques

Statistiques générales
  • Ce quiz a été pris 99 fois
    77 depuis la dernière actualisation
  • Le résultat moyen est 9 sur 20
Statistiques - réponses
Hint Réponse % Correct
A Accio|Aguamenti|Alohomora|Amplificatum|Anapneo|
Aparecium|Apparition|Arania Exumai|Ascensio| Avada Kedavra|Avenseguim
98%
E Ebullio|Enervatum|Endoloris|Engorgio|Episkey|Erecto|Evanesco|Expelliarmus|Expulso| Expectoro|Expecto patronum
86%
S Salveo Maleficia|Sectumsempra|Serpensortia|Silencio|Sonorus|Specialis Revelio|Stupefix
77%
L langue-de-Plomb|Legilimens|Levicorpus|Liberacorpus|Lumos| Lumos Maxima|Lumos Solem
71%
I Impedimenta|Imperium|Impervius|Incarcerem|Incendio
68%
R Reducto|Relashio|Rennervate|Reparo|Repello Moldum|Rictusempra|Riddikulus
67%
W Wingardium leviosa
67%
P Petrificus Totalus|Periculum|Portus|Prior Incantato|
Protego|Protego Horribilis|Protego Maxima
64%
B Bloclang|Bombarda|Bombarda Maxima|Brackium Emendo|Buckbeak's Flight
45%
C Calvorio|Carpe Retractum|Cave Inimicum|Collaporta|Confringo|Confundo|
Conjunctivitis|Cracbadaboum| Crache-Limaces|Cruciatus
38%
N Nox
35%
D Defodio|Densaugeo|Deprimo|Descendo|Diffindo|Draconifors|Duro
30%
F Ferula|Finite|Finite Incantatem|Fidelitas|Flipendo|Furunculus|Furnunculus|Fumos
30%
O Obliviate|Oppugno|Orchideus
27%
G Glacius|Gonflus|Gemino
26%
M Meteorribilis Recanto|Morsmordre|Mobiliarbus|Muffliato
23%
V Vera Verto|Vulnera Sanentur
21%
T Tarentallegra|Tergeo
11%
H Homenum Revelio|Homorphus
5%
Q Quietus
2%
Aucun quiz correspondant
Distribution des résultats
% des personnes avec chaque résultat
Percentile par nombre de réponses
Votre historique - résultats
Vous n’avez pas pris ce quiz depuis la dernière actualisation